00510nam a2200121 a 4500008004100000050002600041110006000067245014000127260004100267300002000308500003400328650002600362150508s1993 ||||||||||||||||| || u aGOV.ZAM(05)PD/1993/93 aGovernment of the Republic of Zambia. National Assembly10aOfficial verbatim report of the parliamentary debates of the second session of the seventh National AssemblycBy the Natiional Assembly aLusaka:bThe National Assemblyc1993 avarious pagings a15th January- 18th March 1993 aPARLIAMENTARY DEBATES